Auditors' ethical perceptions on AI auditing in Viet Nam / (Record no. 11383)

000 -Đầu biểu
00699nam a22002177a 4500
005 - Thời gian tạo/Chỉnh sửa
20260403113247.0
008 - Cấu thành dữ liệu có độ dài cố định -- Thông tin chung
240801b2025 us ||||| |||| 00| | eng d
041 ## - Mã ngôn ngữ
Mã ngôn ngữ chính văn eng
082 ## - Chỉ số phân loại DDC
Ký hiệu phân loại 657
Chỉ số cutter Đ-NG
100 ## - Tiêu đề chính - Tên cá nhân
Tên cá nhân Đào Khánh Ngân
245 ## - Nhan đề và thông tin trách nhiệm
Nhan đề Auditors' ethical perceptions on AI auditing in Viet Nam /
Thông tin trách nhiệm Đào Khánh Ngân ; Nghd. : Nguyễn Thị Kim Oanh
260 ## - Địa chỉ xuất bản
Nơi xuất bản H. :
Nhà xuất bản Trường Quốc tế,
Năm xuất bản, phát hành 2026
300 ## - Mô tả vật lý
Số trang 55 p. ;
Khổ cỡ 30 cm.
653 ## - Từ khóa tự do
Từ khóa tự do AC2022
653 ## - Từ khóa tự do
Từ khóa tự do Khóa luận chương trình AC
653 ## - Từ khóa tự do
Từ khóa tự do Kế toán, Phân tích và Kiểm toán (AC)
700 ## - Tiêu đề bổ sung - Tên cá nhân
Tên cá nhân Nguyễn Thị Kim Oanh, người hướng dẫn
911 ## - Thông tin người biên mục
Người nhập Dung
918 ## - Mã học phần
Mã học phần INS4011
942 ## - Dạng tài liệu (KOHA)
Nguồn phân loại
Kiểu tài liệu Khóa luận
Holdings
Dừng lưu thông Mất tài liệu Nguồn phân loại Hư hỏng tài liệu Không cho mượn Thư viện sở hữu Thư viện hiện tại Kho tài liệu Ngày bổ sung Số lần ghi mượn Ký hiệu phân loại Đăng ký cá biệt Cập nhật lần cuối Ngày áp dụng giá thay thế Kiểu tài liệu
N/A N/A   N/A N/A Thư viện Trường Quốc tế - Cơ sở Trịnh Văn Bô Thư viện Trường Quốc tế - Cơ sở Trịnh Văn Bô Kho khóa luận, luận văn 03/04/2026   657 Đ-NG TVB.3/00427 03/04/2026 03/04/2026 Khóa luận